000 00356nam a22000857a 4500
999 _c531449
_d531449
082 _aL906x5442 H/2024
245 _aPerformance Audit Report of the Comptroller and Auditor General of India on Public Health Infrastructure and Management of Health Services In Maharashtra Report no.2
260 _aMaharashtra
_bGovernment of Maharashtra
_c2024
300 _a160p.